ბათუმის შოთა რუსთაველის სახელმწიფო უნივერსიტეტის ბიბლიოთეკა

ჩანაწერი Corporate Name

ჩანაწერთა რაოდენობა, რომელიც გამოყენებულია: 1

001 - CONTROL NUMBER

  • control field: 19097

003 - CONTROL NUMBER IDENTIFIER

  • control field: GE_BSU

005 - DATE AND TIME OF LATEST TRANSACTION

  • control field: 20230630111027.0

008 - FIXED-LENGTH DATA ELEMENTS

  • fixed length control field: 230630|| aca||aabn | a|a d

040 ## - CATALOGING SOURCE

  • Original cataloging agency: GE_BSU
  • Transcribing agency: GE_BSU

110 ## - HEADING--CORPORATE NAME

  • Corporate name or jurisdiction name as entry element: ბსუ.
  • Subordinate unit: საბუნებისმეტყველო მეცნიერებათა და ჯანდაცვის ფაკულტეტი. ქიმიის დეპარტამენტი.

670 ## - SOURCE DATA FOUND

  • Source citation: Work cat.: (GE_BSU): სურმანიძე, ნონა 19095, ''ფშატის (Elaeagnus Umbellata Thunb.) ნაყოფებისა და ფოთლების ბიოლოგიურად აქტიური ნაერტების ქრომატოგრაფიული კვლევა"